| 000 | 00759cam a2200265 4500500 | ||
|---|---|---|---|
| 005 | 20260405003414.0 | ||
| 041 | _afre | ||
| 042 | _adc | ||
| 100 | 1 | 0 |
_ade Oliveira, Victorine _eauthor |
| 245 | 0 | 0 | _a“Discours de la méthode”. L’invention de la modernité |
| 260 | _c2021. | ||
| 500 | _a35 | ||
| 690 | _aCogito | ||
| 690 | _aDescartes | ||
| 690 | _aDiscours de la méthode | ||
| 690 | _aMaîtrise | ||
| 690 | _aMédecine | ||
| 690 | _aModernité | ||
| 690 | _aNature | ||
| 690 | _aRaison | ||
| 690 | _aRêve | ||
| 690 | _aScience | ||
| 786 | 0 | _nPhilosophie magazine | 154 | 11 | 2021-11-01 | p. 42-44 | 1951-1787 | |
| 856 | 4 | 1 | _uhttps://shs.cairn.info/magazine-philosophie-magazine-2021-11-page-42?lang=fr&redirect-ssocas=7080 |
| 999 |
_c2067206 _d2067206 |
||